<?xml version="1.0" encoding="UTF-8"?>
<record
    xmlns:xsi="http://www.w3.org/2001/XMLSchema-instance"
    xsi:schemaLocation="http://www.loc.gov/MARC21/slim http://www.loc.gov/standards/marcxml/schema/MARC21slim.xsd"
    xmlns="http://www.loc.gov/MARC21/slim">

  <leader>01046nam a2200289 i 4500</leader>
  <controlfield tag="005">20250618145701.0</controlfield>
  <controlfield tag="008">250618s2023    ii     gr     000 1 tam d</controlfield>
  <datafield tag="020" ind1=" " ind2=" ">
    <subfield code="c">RM117.60</subfield>
    <subfield code="q">paperback </subfield>
  </datafield>
  <datafield tag="040" ind1=" " ind2=" ">
    <subfield code="a">PPAK </subfield>
    <subfield code="b">eng</subfield>
    <subfield code="c">PPAK</subfield>
    <subfield code="e">rda</subfield>
  </datafield>
  <datafield tag="082" ind1="0" ind2="4">
    <subfield code="2">23</subfield>
    <subfield code="a">894.8113</subfield>
  </datafield>
  <datafield tag="090" ind1="0" ind2="0">
    <subfield code="a">894.8113</subfield>
    <subfield code="b">PON</subfield>
    <subfield code="d">G</subfield>
  </datafield>
  <datafield tag="100" ind1="1" ind2=" ">
    <subfield code="a">Ponni, Tamil,</subfield>
    <subfield code="e">author. </subfield>
  </datafield>
  <datafield tag="245" ind1="1" ind2="0">
    <subfield code="6">880-01</subfield>
    <subfield code="a">En&#x332; j&#x14D;&#x1E6D;i ma&#xF1;cakkuruvi = </subfield>
    <subfield code="b">My couple sparrow / </subfield>
    <subfield code="c">Tamil&#x332; Pon&#x332;n&#x332;i</subfield>
  </datafield>
  <datafield tag="250" ind1=" " ind2=" ">
    <subfield code="a">Arun edition </subfield>
  </datafield>
  <datafield tag="264" ind1=" " ind2="1">
    <subfield code="a">Chennai : </subfield>
    <subfield code="b">Aru&#x1E47; Patippakam,</subfield>
    <subfield code="c">2023</subfield>
  </datafield>
  <datafield tag="300" ind1=" " ind2=" ">
    <subfield code="a">444 pages ;</subfield>
    <subfield code="c">18 cm </subfield>
  </datafield>
  <datafield tag="336" ind1=" " ind2=" ">
    <subfield code="a">text</subfield>
    <subfield code="2">rdacontent</subfield>
  </datafield>
  <datafield tag="337" ind1=" " ind2=" ">
    <subfield code="a">unmediated</subfield>
    <subfield code="2">rdamedia</subfield>
  </datafield>
  <datafield tag="338" ind1=" " ind2=" ">
    <subfield code="a">volume</subfield>
    <subfield code="2">rdacarrier</subfield>
  </datafield>
  <datafield tag="520" ind1=" " ind2=" ">
    <subfield code="a">&#xB87;&#xBB0;&#xBC1; &#xB95;&#xBBE;&#xBA4;&#xBB2;&#xBCD; &#xB9C;&#xBCB;&#xB9F;&#xBBF;&#xB95;&#xBB3;&#xBC8;&#xBAA;&#xBCD; &#xBAA;&#xBB1;&#xBCD;&#xBB1;&#xBBF;&#xBAF; &#xBA8;&#xBBE;&#xBB5;&#xBB2;&#xBCD;.</subfield>
  </datafield>
  <datafield tag="546" ind1=" " ind2=" ">
    <subfield code="a">In Tamil </subfield>
  </datafield>
  <datafield tag="650" ind1="1" ind2="0">
    <subfield code="a">Tamil fiction</subfield>
  </datafield>
  <datafield tag="650" ind1="2" ind2="0">
    <subfield code="a">Man-woman relationships </subfield>
    <subfield code="x">Fiction</subfield>
  </datafield>
  <datafield tag="650" ind1="2" ind2="0">
    <subfield code="a">Romance fiction</subfield>
  </datafield>
  <datafield tag="880" ind1=" " ind2=" ">
    <subfield code="6">245-01/$1</subfield>
    <subfield code="a">&#xB8E;&#xBA9;&#xBCD; &#xB9C;&#xBCB;&#xB9F;&#xBBF; &#xBAE;&#xB9E;&#xBCD;&#xB9A;&#xB95;&#xBCD;&#xB95;&#xBC1;&#xBB0;&#xBC1;&#xBB5;&#xBBF; /&#xBA4;&#xBAE;&#xBBF;&#xBB4;&#xBCD; &#xBAA;&#xBCA;&#xBA9;&#xBCD;&#xBA9;&#xBBF;</subfield>
  </datafield>
  <datafield tag="942" ind1=" " ind2=" ">
    <subfield code="2">ddc</subfield>
    <subfield code="c">B</subfield>
  </datafield>
  <datafield tag="999" ind1=" " ind2=" ">
    <subfield code="c">199816</subfield>
    <subfield code="d">199816</subfield>
  </datafield>
  <datafield tag="952" ind1=" " ind2=" ">
    <subfield code="0">0</subfield>
    <subfield code="7">0</subfield>
    <subfield code="b">PPAK</subfield>
    <subfield code="c">G</subfield>
    <subfield code="d">2025-07-14</subfield>
    <subfield code="l">0</subfield>
    <subfield code="o">894.8113 PON</subfield>
    <subfield code="p">A01870998</subfield>
    <subfield code="r">2025-07-14 15:25:42</subfield>
    <subfield code="y">B</subfield>
  </datafield>
  <datafield tag="952" ind1=" " ind2=" ">
    <subfield code="0">0</subfield>
    <subfield code="7">0</subfield>
    <subfield code="b">SP</subfield>
    <subfield code="c">G</subfield>
    <subfield code="d">2025-07-14</subfield>
    <subfield code="l">0</subfield>
    <subfield code="o">894.8113 PON</subfield>
    <subfield code="p">A01870999</subfield>
    <subfield code="r">2025-07-14 15:25:42</subfield>
    <subfield code="y">B</subfield>
  </datafield>
</record>
